| 000 | 00489nam a2200157 a 4500 | ||
|---|---|---|---|
| 001 | 000030391 | ||
| 005 | 20200930062304.0 | ||
| 008 | 110516s2003 dr 000 0 spa d | ||
| 040 |
_aDO-SdBNP _bspa _cBNPHU |
||
| 082 |
_axxx _bC748c |
||
| 111 | 1 |
_aConferencia del episcopado dominicano _d(2003 ene. 21 : _cSanto Domingo) _957026 |
|
| 245 | 1 | 0 | _aCarta pastoral. |
| 260 |
_aSanto Domingo : _bConferencia del Episcopado Dominicano, _c2003. _fBúho, |
||
| 300 |
_a25 p. ; _c21 cm. |
||
| 049 | _aBNPD | ||
| 999 |
_c29883 _d29883 |
||